BIBLIOTECA PODER JUDICIAL
Portal Judicial TDF

Condominio en los bienes gananciales. Principales problemas / (Registro nro. 5780)

000 -LEADER
fixed length control field 01970nab a22002177a 4500
003 - CONTROL NUMBER IDENTIFIER
control field OSt
005 - DATE AND TIME OF LATEST TRANSACTION
control field 20260106131402.0
008 - FIXED-LENGTH DATA ELEMENTS--GENERAL INFORMATION
fixed length control field 190514b xxu||||| |||| 00| 0 spa d
040 ## - CATALOGING SOURCE
Transcribing agency PJ
100 ## - MAIN ENTRY--PERSONAL NAME
9 (RLIN) 3937
Personal name Carlucci, Fabiana
245 13 - TITLE STATEMENT
Title Condominio en los bienes gananciales. Principales problemas /
Statement of responsibility, etc Fabiana Carlucci.
300 ## - PHYSICAL DESCRIPTION
Extent p. 62-72
505 ## - FORMATTED CONTENTS NOTE
Formatted contents note Sumario: I. Aproximación al tema.— II. El condominio entre cónyuges antes de la vigencia del Cód. Civ. y Com.— III. La normativa introducida por el Cód. Civ. y Com.— IV. Objetivo de estas líneas.— V. Reconocimiento expreso de la ley en torno al condominio entre cónyuges, sean los bienes propios o gananciales. La eventual presencia de un tercer condómino.— VI. Cotitularidades que no importan estrictamente condominio.— VII. Administración del bien ganancial adquirido por ambos cónyuges.— VIII. Disposición del bien ganancial adquirido por ambos cónyuges.— IX. Administración y disposición de la cuota ganancial del bien adquirido por ambos cónyuges.— X. Administración del bien común por uno solo de los cónyuges mediante mandato. Obligación de rendir cuentas.— XI. Uso y goce de la cosa.— XII. Derecho de los acreedores de ambos cónyuges sobre los bienes gananciales en condominio. Pasivo provisorio y definitivo.— XIII. Frutos del bien en condominio ganancial.— XIV. División y partición del condominio vigente en la comunidad de bienes.— XV. Forma de la partición. Renuncia al 50 % por uno de los cónyuges.— XVI. Un aspecto procesal. Competencia.— XVII. Reflexiones con final abierto.
505 ## - FORMATTED CONTENTS NOTE
Title Si te interesa el texto, comunicate a koha@justierradelfuego.gov.ar
650 #0 - SUBJECT ADDED ENTRY--TOPICAL TERM
9 (RLIN) 967
Topical term or geographic name as entry element DERECHO DE FAMILIA
650 #0 - SUBJECT ADDED ENTRY--TOPICAL TERM
Topical term or geographic name as entry element CODIGO CIVIL Y COMERCIAL
9 (RLIN) 1497
650 #0 - SUBJECT ADDED ENTRY--TOPICAL TERM
Topical term or geographic name as entry element CONDOMINIO
9 (RLIN) 2253
650 #0 - SUBJECT ADDED ENTRY--TOPICAL TERM
Topical term or geographic name as entry element CÓNYUGE
9 (RLIN) 5369
773 0# - HOST ITEM ENTRY
Host Biblionumber 2844
Host Itemnumber 3222
Place, publisher, and date of publication Buenos Aires : AbeledoPerrot, 1989-
Title Derecho de familia. N° 115 - Julio 2024
International Standard Book Number 18511201
942 ## - ADDED ENTRY ELEMENTS (KOHA)
Source of classification or shelving scheme
Koha item type Analítica Artículo de Revista

No hay ítems disponibles.

12 de Octubre 789 Ushuaia - Tel:  54(02901)441571
Horario de Atención: 8.00 a 17.00 hs. 
bibliotecaush@justierradelfuego.gov.ar
koha@justierradelfuego.gov.ar
Seguinos en nuestras redes @bibliojustdf 

Con tecnología Koha